000
002230000a22000970004500
100
1
_a
Leguineche, Manuel
245
1
0
_a
Sadam o muerte
300
_a
Vol. 72, Núm 72 (1994), Páginas 46-48
773
0
_t
Cambio 16
942
_c
ANA
999
_c
58746
_d
58746